书目信息 |
| 题名: |
全球最美的100个地方
|
|
| 作者: | 《全球最美的100个地方》编委会编 | |
| 分册: | ||
| 出版信息: | 长春 吉林出版集团有限责任公司 2007 |
|
| 页数: | 223页 | |
| 开本: | 24cm | |
| 丛书名: | 图说天下:国家地理系列 | |
| 单 册: | ||
| 中图分类: | K917-49 | |
| 科图分类: | ||
| 主题词: | 风景区 , 风景区--世界--普及读物 | |
| 电子资源: | ||
| ISBN: | 7-80720-637-3 | |
| 000 | 00897oam2 2200241 450 | |
| 001 | 003344829 | |
| 005 | 20070805170821.65 | |
| 010 | @a7-80720-637-3@dCNY19.80 | |
| 100 | @a20070104d2007 em y0chiy0110 ea | |
| 101 | 0 | @achi |
| 102 | @aCN@b220000 | |
| 105 | @aa z 000yy | |
| 200 | 1 | @a全球最美的100个地方@9quan qiu zui mei de 100 ge di fang@f《全球最美的100个地方》编委会编 |
| 210 | @a长春@c吉林出版集团有限责任公司@d2007 | |
| 215 | @a223页@c彩图@d24cm | |
| 225 | 2 | @a图说天下:国家地理系列 |
| 330 | @a本书别具匠心地选取了100处地球上最动人心魄的地方,优雅的行文配合300多幅精美的摄影作品,从各个角度挖掘出“美”的各种涵义,将世上各处臻于极致的自然与文明之美娓娓道来,带你展开一次最富情致的天堂之旅。 | |
| 461 | 0 | @12001 @a图说天下:国家地理系列 |
| 606 | 0 | @a风景区 |
| 606 | 0 | @a风景区@y世界@j普及读物 |
| 690 | @aK917-49@v4 | |
| 801 | 0 | @aCN@bNLC@c20070805 |
| 905 | @a10447@dK917-49@e171 | |
| 全球最美的100个地方/《全球最美的100个地方》编委会编.-长春:吉林出版集团有限责任公司,2007 |
| 223页:彩图;24cm.-(图说天下:国家地理系列) |
| ISBN 7-80720-637-3:CNY19.80 |
| 本书别具匠心地选取了100处地球上最动人心魄的地方,优雅的行文配合300多幅精美的摄影作品,从各个角度挖掘出“美”的各种涵义,将世上各处臻于极致的自然与文明之美娓娓道来,带你展开一次最富情致的天堂之旅。 |
| ● |
| 相关链接 |
|
|
|
|
正题名:全球最美的100个地方
索取号:K917-49/171
 
预约/预借
| 序号 | 登录号 | 条形码 | 馆藏地/架位号 | 状态 | 备注 |
| 1 | 0809276 | 208092767 | 第二样本阅览室/ [索取号:K917-49/171] | 在馆 | |
| 2 | 0809277 | 208092776 | 第二借阅区/ [索取号:K917-49/171] | 在馆 | |
| 3 | 0809278 | 208092785 | 第二借阅区/ [索取号:K917-49/171] | 在馆 | |
| 4 | 0809279 | 208092794 | 第二借阅区/ [索取号:K917-49/171] | 在馆 | |
| 5 | 0809280 | 208092801 | 第二借阅区/ [索取号:K917-49/171] | 在馆 | |
| 6 | 0809281 | 208092810 | 第二借阅区/ [索取号:K917-49/171] | 在馆 | |
| 7 | 0809282 | 208092829 | 第二借阅区/ [索取号:K917-49/171] | 在馆 | |
| 8 | 0809283 | 208092838 | 第二借阅区/ [索取号:K917-49/171] | 在馆 | |
| 9 | 0809284 | 208092847 | 第二借阅区/ [索取号:K917-49/171] | 在馆 | |
| 10 | 0809285 | 208092856 | 第二借阅区/ [索取号:K917-49/171] | 在馆 |